Loading...
| Science - Biology | 0 | 4 | 0 | 1 | 40 | 79 | 93.00 | 0 | 4 | 6.88 | 25.00 |
| Literature - World | 0 | 4 | 0 | 0 | 40 | 52 | 80.00 | 0 | 4 | 17.03 | 22.50 |
| Science - Other | 0 | 4 | 1 | 0 | 35 | 48 | 83.00 | 1 | 3 | 12.46 | 22.50 |
| Science - Physics | 0 | 3 | 0 | 1 | 30 | 22 | 78.00 | 1 | 3 | 10.23 | 17.50 |
| History - World | 0 | 3 | 1 | 0 | 25 | 43 | 67.67 | 2 | 3 | 15.25 | 25.00 |
| Social Science | 0 | 2 | 0 | 0 | 20 | 67 | 80.00 | 0 | 1 | 5.68 | 7.50 |
| Science - Chemistry | 0 | 2 | 0 | 0 | 20 | 82 | 86.00 | 1 | 2 | 4.58 | 15.00 |
| History - American | 0 | 2 | 0 | 0 | 20 | 41 | 64.50 | 2 | 2 | 9.51 | 20.00 |
| Literature - American | 0 | 2 | 0 | 0 | 20 | 40 | 57.00 | 1 | 2 | 11.97 | 17.50 |
| Literature - British | 0 | 2 | 0 | 0 | 20 | 63 | 75.00 | 0 | 2 | 9.83 | 12.50 |
| Popular Culture | 0 | 2 | 0 | 0 | 20 | 41 | 48.50 | 1 | 2 | 43.58 | 50.00 |
| History - European | 0 | 2 | 1 | 0 | 15 | 48 | 56.50 | 2 | 2 | 10.82 | 20.00 |
| Fine Arts - Classical Music | 0 | 2 | 2 | 0 | 10 | 60 | 80.00 | 0 | 2 | 6.95 | 12.50 |
| Fine Arts - Other | 0 | 1 | 0 | 0 | 10 | 82 | 82.00 | 0 | 1 | 3.88 | 5.00 |
| Philosophy | 0 | 1 | 0 | 1 | 10 | 125 | 125.00 | 0 | 1 | 0.00 | 5.00 |
| Literature - European | 0 | 1 | 2 | 0 | 0 | 84 | 84.00 | 0 | 1 | 3.59 | 7.50 |
| History - Other | 0 | 0 | 1 | 0 | -5 | 0.00 | 0 | 0 | 0.00 | 0.00 | |
| Geography | 0 | 0 | 1 | 0 | -5 | 0.00 | 0 | 0 | 0.00 | 0.00 |